SAP SCM: applications and modeling for supply chain management with BW Primer

שמור ב:
מידע ביבליוגרפי
מחבר ראשי: Wood, Daniel C (Author)
פורמט: ספר
שפה:אנגלית
יצא לאור: Hoboken John Wiley and Sons 2007
נושאים:
תגים: הוספת תג
אין תגיות, היה/י הראשונ/ה לתייג את הרשומה!

MARC

LEADER 00000nam a2200000 a 4500
001 UCI7615
003 CL-VaPUC
008 080718e20070000us |||||||||||||||||eng|d
020 |a 9780471769910 
082 0 4 |a 658.7  |b WOO  |2 21 
100 0 |a Wood, Daniel C  |e author  |9 530890 
245 1 0 |a SAP SCM: applications and modeling for supply chain management with BW Primer 
300 |a 319 p 
942 |c BK 
945 |d 20080718 00:00:00  |a rbrito 
260 |a Hoboken  |b John Wiley and Sons  |c 2007 
650 0 |a Control de inventario  |9 263777 
650 0 |a Stocks  |9 361023 
650 0 |a Análisis de stocks  |9 527461 
650 0 |a Análisis de flujos de stocks   |9 542092 
650 0 |a Gestión de stocks  |9 365220 
650 7 |a INVENTARIO DE RECURSOS  |2 CL-VaPUC  |9 358962 
583 |a last modification  |c 20171116 02:12:02  |k Rodrigo Vera 
999 |c 330834  |d 330832 
952 |0 0  |1 0  |4 0  |6 658_700000000000000_WOO_2007  |7 0  |8 A  |9 416719  |a BIBING  |b BIBING  |d 2019-11-22  |i 4456874  |l 1  |o 658.7 WOO 2007  |p 4456874  |r 2025-01-20  |s 2020-08-03  |w 2019-11-22  |y BK  |k EII